Federico Santa María: azar y destino de una fortuna porteña
Bewaard in:
| Hoofdauteur: | |
|---|---|
| Formaat: | Boek |
| Taal: | Spaans |
| Gepubliceerd in: |
Santiago
Biblioteca Americana
2009
|
| Editie: | 1a. ed |
| Onderwerpen: | |
| Tags: |
Voeg label toe
Geen labels, Wees de eerste die dit record labelt!
|
MARC
| LEADER | 00000cam a2200000 a 4500 | ||
|---|---|---|---|
| 001 | UCF8215 | ||
| 003 | CL-VaPUC | ||
| 008 | 130802e20091200cl |||||||||||||||||spa|d | ||
| 020 | |a 9789568239275 | ||
| 082 | 0 | 4 | |a 923.3983 |b ARA |2 21 |
| 100 | 0 | |a Arancibia Clavel, Patricia |e author |9 570313 | |
| 245 | 1 | 0 | |a Federico Santa María: azar y destino de una fortuna porteña |
| 250 | |a 1a. ed | ||
| 300 | |a 232 p | ||
| 942 | |c BK | ||
| 945 | |d 20130802 12:08:00 |a dcastane | ||
| 260 | |a Santiago |b Biblioteca Americana |c 2009 | ||
| 650 | 0 | |a Biografías |9 255210 | |
| 650 | 7 | |a BIOGRAFIAS DE CHILENOS |2 CL-VaPUC |9 560780 | |
| 650 | 7 | |a EMPRESARIOS |2 CL-VaPUC |9 315086 | |
| 583 | |a last modification |c 20130802 12:08:00 |k Rodrigo Vera | ||
| 999 | |c 352850 |d 352848 | ||
| 952 | |0 0 |1 0 |4 0 |6 923_398300000000000_ARA_2009 |7 0 |8 X |9 457582 |a FDOBUD |b FDOBUD |d 2019-11-22 |i 4994620 |o 923.3983 ARA 2009 |p 4994620 |r 2019-11-22 |w 2019-11-22 |y BK_X |k BUD | ||